| 000 | 00892nam a2200205Ia 4500 | ||
|---|---|---|---|
| 008 | 0000001990 usa 0000000000eng00 | ||
| 090 | _aPSP00 A77a1 | ||
| 100 | 1 |
_aArranzBravo, Eduardo _d1941 |
|
| 245 | 1 | 3 |
_aArranzBravo _b: the pantocrator series, the Susana and the Elders series _c/ photo Ferrán Freixa, Eric Berenguer |
| 300 |
_a[48] p. _c/ 30 cm. |
||
| 500 | _aExposición realizada en Ergane Gallery, New York, Noviembre, 1990 \ Con el patronazgo del maestro venezolano Jesús Rafael Soto (q.e.p.d.) \ Registro auspiciado por el IDCT. Bogotá | ||
| 600 | 0 | 0 |
_aARRANZBRAVO, EDUARDO, 1941/ _xTRABAJOS PICTORICOS |
| 650 | 1 | 4 | _aARTE CONTEMPORANEO ESPAÑOL |
| 650 | 1 | 4 | _xCATALOGOS |
| 650 | 1 | 4 | _xEXPOSICIONES |
| 650 | 1 | 4 | _aPINTORES ESPAÑOLES |
| 650 | 1 | 4 | _aPINTURA ESPAÑOLA |
| 700 | 1 | _aFreiXa, Ferrán \ Berenguer, Eric | |
| 999 |
_c2908 _d2908 |
||
| 260 |
_aNew York : Ergane Gallery _c1990 |
||